Movies Quiz

Random Movies or Grab Bag Quiz

Movie Threesomes Quiz Stats

 Plays Quiz Updated Mar 19, 2012

Also try: Movie Foursomes
Challenge
Share
Tweet
Embed
Score 0/72 Timer 10:00
4 Plays Today
% Correct
Tom Hanks
81.1%
George Clooney
74.9%
Drew Barrymore
74%
Cameron Diaz
73.9%
Daniel Radcliffe
72.9%
Lucy Liu
72.8%
Keanu Reeves
72%
Emma Watson
71.5%
Tom Cruise
69.9%
Ben Affleck
69.3%
Al Pacino
69.1%
Clint Eastwood
66.2%
Steve Martin
63.3%
Robert Pattinson
61.3%
Kristen Stewart
60.5%
Orlando Bloom
58.3%
Ray Romano
56.5%
Tom Selleck
56.1%
Jeff Bridges
55.9%
Rupert Grint
54.8%
Demi Moore
53.7%
Kevin Bacon
52.7%
Chevy Chase
52%
John Goodman
52%
Martin Short
49.3%
Taylor Lautner
49.1%
Laurence Fishburne
47.6%
Ted Danson
46.1%
Viggo Mortensen
45.8%
Luke Wilson
45.2%
James Caan
45.1%
Gene Kelly
43.5%
Steve Guttenberg
42.3%
Ben Stiller
42.3%
Josh Hartnett
40.9%
Diane Keaton
40.9%
% Correct
Richard Dreyfuss
39.8%
Bette Midler
39%
Goldie Hawn
39%
Gwyneth Paltrow
38.1%
James Franco
36.1%
Kate Beckinsale
33.6%
Steve Buscemi
33.3%
Audrey Hepburn
32.3%
Carrie-Anne Moss
31.4%
Charlie Sheen
30.3%
Roy Scheider
28.4%
Denis Leary
27.8%
Kiefer Sutherland
27.6%
Topher Grace
26.8%
Bill Paxton
26.2%
Bing Crosby
25.6%
Bob Hope
25.5%
Christopher Guest
25%
John Leguizamo
23.7%
John Turturro
21.7%
Debbie Reynolds
21.3%
Humphrey Bogart
21%
Harry Shearer
19.3%
Robert Shaw
19.1%
John Rhys-Davies
18.7%
Michael McKean
17.7%
Thomas Haden Church
17.6%
Oliver Platt
15.9%
Kevin Pollak
15.1%
Lee Van Cleef
14.3%
Donald O'Connor
14%
John Cazale
12.5%
Eli Wallach
12.5%
Dorothy Lamour
9.9%
William Holden
9.4%
Tim Blake Nelson
8.6%

You're not logged in!

Compare scores with friends on all Sporcle quizzes.
Join for Free
OR
Log In

You Might Also Like...

Show Comments

Extras

Top Quizzes Today


Score Distribution

Your Account Isn't Verified!

In order to create a playlist on Sporcle, you need to verify the email address you used during registration. Go to your Sporcle Settings to finish the process.

Report this User

Report this user for behavior that violates our Community Guidelines.

Details: